000
00319nam a22001337a 4500
008
181031b xxu||||| |||| 00| 0 eng d
020
_a
0814136451
041
_a
eng
080
_a
371
100
_a
46
101
_a
EDU
245
_a
Portfolios in the Writing Classroom An Introduction
_c
Yancey,K.B
942
_2
udc
_c
BK
999
_c
51265
_d
51265